Fleetwood Mac Synonym Song Titles - Statistics

General Stats
  • This quiz has been taken 228 times
  • The average score is 8 of 11
Answer Stats
Track # Hint Answer % Correct
7 The String The Chain
93%
5 Advance By Your Own Approach Go Your Own Way
89%
10 Oh Father Oh Daddy
79%
2 Reveries Dreams
75%
11 Aurous Dirt Female Gold Dust Woman
74%
8 You Render Compassion Amusing You Make Loving Fun
73%
4 Continue Don't Stop
66%
6 Canary, Lark Songbird
61%
3 At No Time Returning Never Going Back Again
55%
1 Previously Owned Disclosure Second Hand News
55%
9 I Am Disinterested in Learning I Don't Want To Know
52%
No matching quizzes found
Score Distribution
Percent of People with Each Score
Percentile by Number Answered
Your Score History
You have not taken this quiz